<?xml version="1.0" encoding="UTF-8"?>
<collection xmlns="http://www.loc.gov/MARC21/slim">
 <record>
  <leader>00992pamaa2200193   4500</leader>
  <controlfield tag="001">0000052445</controlfield>
  <controlfield tag="005">20140417090000.0</controlfield>
  <controlfield tag="008">140417s2013                             eng  </controlfield>
  <datafield tag="090" ind1="0" ind2="0">
   <subfield code="a">TA545 </subfield>
   <subfield code="b">LOW 2013</subfield>
  </datafield>
  <datafield tag="100" ind1="1" ind2="1">
   <subfield code="a">Low Keng Mun </subfield>
  </datafield>
  <datafield tag="245" ind1="1" ind2="2">
   <subfield code="a">A study into the proposed costing for green design features in INTI International University Library in Putra Nilai, Negeri Sembilan  </subfield>
   <subfield code="c">Low Keng Mun.</subfield>
  </datafield>
  <datafield tag="260" ind1="0" ind2="0">
   <subfield code="a">Nilai: </subfield>
   <subfield code="b">INTI International University, </subfield>
   <subfield code="c">January 2013.</subfield>
  </datafield>
  <datafield tag="300" ind1=" " ind2=" ">
   <subfield code="a">v, 59p: </subfield>
   <subfield code="b">ill.; </subfield>
   <subfield code="c">30 cm.</subfield>
  </datafield>
  <datafield tag="500" ind1="0" ind2="0">
   <subfield code="a">DQSE 62</subfield>
  </datafield>
  <datafield tag="500" ind1="0" ind2="0">
   <subfield code="a">Diploma in Quantity Surveying Enginnering January 2013</subfield>
  </datafield>
  <datafield tag="502" ind1="0" ind2="0">
   <subfield code="a">Being a final project submitted to INTI International University as a requirements for Diploma in Quantity Surveying (Semester 7: Aug 2013) under the managment and supervision of Faculty of Engineering and Information Technology, INTI International University</subfield>
  </datafield>
  <datafield tag="650" ind1="0" ind2="0">
   <subfield code="a">Green design </subfield>
  </datafield>
  <datafield tag="650" ind1="0" ind2="0">
   <subfield code="a">Project paper -- </subfield>
   <subfield code="x">Quantity Surveying Enginnering </subfield>
  </datafield>
  <datafield tag="901" ind1=" " ind2=" ">
   <subfield code="u">http://intilib.intimal.edu.my</subfield>
  </datafield>
 </record>
</collection>
